000 00569nam a2200229Ia 4500
008 210210b2010 xxu||||| |||| 00| 0 eng d
020 _a9788183873901
041 _aeng
082 _a658.04 VARC
100 _aVARGHESE (Roshna)
245 _aCorporate disclosure by Indian companies
260 _aNew Delhi
_bSerials Publications
_c2010
300 _a195
650 _aIndian
650 _adisclosure
650 _aCorporate
650 _acompanies
650 _aby
690 _aCorporate Governance
700 _aSREERANGANADHAN (K)
906 _a066122
999 _c146594
_d146594